| 000 | 00382nam a22001577a 4500 | ||
|---|---|---|---|
| 005 | 20251108170652.0 | ||
| 008 | 250721s1966 xx 000 0 eng d | ||
| 082 | 1 | 4 | _a808.1/ben |
| 100 | 1 | _abenjamin, edwin b | |
| 245 | 1 | 4 | _athe province of poetry / |
| 264 | 1 |
_aNew York : _bamerican book, _c1966. |
|
| 300 | _a320 p. | ||
| 650 | 1 | 7 | _apoetry |
| 942 |
_2ddc _cBK |
||
| 999 |
_c46169 _d46169 |
||